| 000 | 01543nam a2200253Ia 4500 | ||
|---|---|---|---|
| 003 | OSt | ||
| 005 | 20210427104409.0 | ||
| 008 | 210310s2014 ck grl 000 0 spa d | ||
| 020 | _a9789585758629 | ||
| 040 |
_aCO-JMCR _cCO-JMCR |
||
| 041 | 0 | _aspa | |
| 082 | 0 | 4 |
_a347.05 / _bC718c _223 |
| 100 |
_aParra Quijano Jairo _99105 |
||
| 110 | 2 |
_aColombia. _bInstituto Colombiano de Derecho Procesal. _937174 |
|
| 245 | 0 |
_aCódigo general del proceso : _bley 1564 de 2012 con decreto 1736 de 2012 y notas de constitucionalidad / _cInstituto Colombiano de Derecho Procesal. |
|
| 250 | _aSegunda edición. | ||
| 260 |
_aBogotá : _bPanamericana, _c2014. |
||
| 300 |
_a862 páginas ; _c24 cm |
||
| 501 | 0 | _aCon decreto 1736 de 2012 y notas de constitucionalidad. Por medio de la cual de expide el código general del proceso y se dictan otras disposiciones. Paralelo con legislación anterior. Incluye índice suplemento normativo. Incluye índice analítico. | |
| 505 | 0 | _aPresentación de Ulises Canosa Suárez, secretario general del ICDP. -- Código general del proceso ( Ley 1564 de julio de 2012, con decreto 1736 de 2012 y notas de constitucionalidad) -- Código general del proceso en paralelo y conformado con la legislación anterior ( Ley 1564 de julio de 2012, con decreto 1736 de 2012 y notas de constitucionalidad). -- Suplemento normativo. -- Tablas de referencias. -- Índice suplemento normativo. | |
| 650 | 1 | 4 |
_aConstitucionalidad. _925867 |
| 650 | 2 | 4 |
_aCódigo general del proceso Ley 1564 de 2012 _937175 |
| 942 |
_2ddc _cBK |
||
| 999 |
_c11566 _d11566 |
||